<?xml version="1.0" encoding="UTF-8"?>
<record
    xmlns:xsi="http://www.w3.org/2001/XMLSchema-instance"
    xsi:schemaLocation="http://www.loc.gov/MARC21/slim http://www.loc.gov/standards/marcxml/schema/MARC21slim.xsd"
    xmlns="http://www.loc.gov/MARC21/slim">

  <leader>00849nam a2200265 a 4500</leader>
  <datafield tag="999" ind1=" " ind2=" ">
    <subfield code="c">236</subfield>
    <subfield code="d">236</subfield>
  </datafield>
  <controlfield tag="001">10950</controlfield>
  <controlfield tag="003">BD-DhUAP</controlfield>
  <controlfield tag="005">20210124101959.0</controlfield>
  <controlfield tag="008">910328r20081992ilua     b    001 0 eng d</controlfield>
  <datafield tag="020" ind1=" " ind2=" ">
    <subfield code="a">9780070601673</subfield>
  </datafield>
  <datafield tag="020" ind1=" " ind2=" ">
    <subfield code="a">0070601674</subfield>
  </datafield>
  <datafield tag="040" ind1=" " ind2=" ">
    <subfield code="a">BD-DhUAP</subfield>
    <subfield code="c">BD-DhUAP</subfield>
    <subfield code="d">BD-DhUAP</subfield>
    <subfield code="b">Eng</subfield>
  </datafield>
  <datafield tag="082" ind1="0" ind2="0">
    <subfield code="a">005.26 HAL</subfield>
    <subfield code="2">23</subfield>
  </datafield>
  <datafield tag="100" ind1="1" ind2=" ">
    <subfield code="a">Hall, Douglas V.</subfield>
  </datafield>
  <datafield tag="245" ind1="1" ind2="0">
    <subfield code="a">Microprocessors and interfacing :</subfield>
    <subfield code="b">programming and hardware /</subfield>
    <subfield code="c">Douglas V. Hall.</subfield>
  </datafield>
  <datafield tag="250" ind1=" " ind2=" ">
    <subfield code="a">rev. 2nd ed.</subfield>
  </datafield>
  <datafield tag="260" ind1=" " ind2=" ">
    <subfield code="a">New Delhi :</subfield>
    <subfield code="b">Tata McGraw-Hill, </subfield>
    <subfield code="c">c1992 [Reprinted 2011].</subfield>
  </datafield>
  <datafield tag="300" ind1=" " ind2=" ">
    <subfield code="a">various pages :</subfield>
    <subfield code="b">illustrations ;</subfield>
    <subfield code="c">28 cm.</subfield>
  </datafield>
  <datafield tag="504" ind1=" " ind2=" ">
    <subfield code="a">Includes bibliographical references and index.</subfield>
  </datafield>
  <datafield tag="650" ind1=" " ind2="0">
    <subfield code="a">Microprocessors</subfield>
    <subfield code="x">Programming.</subfield>
  </datafield>
  <datafield tag="650" ind1=" " ind2="0">
    <subfield code="a">Computer interfaces.</subfield>
  </datafield>
  <datafield tag="942" ind1="0" ind2="0">
    <subfield code="0">8</subfield>
    <subfield code="2">ddc</subfield>
    <subfield code="c">BK</subfield>
  </datafield>
  <datafield tag="952" ind1=" " ind2=" ">
    <subfield code="0">0</subfield>
    <subfield code="1">0</subfield>
    <subfield code="2">ddc</subfield>
    <subfield code="4">0</subfield>
    <subfield code="7">0</subfield>
    <subfield code="a">UAPCL</subfield>
    <subfield code="b">UAPCL</subfield>
    <subfield code="c">General Stacks</subfield>
    <subfield code="d">2020-01-20</subfield>
    <subfield code="o">005.26 HAL</subfield>
    <subfield code="p">3010010950</subfield>
    <subfield code="r">2020-01-20</subfield>
    <subfield code="t">1</subfield>
    <subfield code="w">2020-01-20</subfield>
    <subfield code="y">BK</subfield>
  </datafield>
  <datafield tag="952" ind1=" " ind2=" ">
    <subfield code="0">0</subfield>
    <subfield code="1">0</subfield>
    <subfield code="2">ddc</subfield>
    <subfield code="4">0</subfield>
    <subfield code="7">0</subfield>
    <subfield code="a">UAPCL</subfield>
    <subfield code="b">UAPCL</subfield>
    <subfield code="c">General Stacks</subfield>
    <subfield code="d">2020-01-20</subfield>
    <subfield code="o">005.26 HAL</subfield>
    <subfield code="p">3010018390	</subfield>
    <subfield code="r">2020-01-20</subfield>
    <subfield code="t">2</subfield>
    <subfield code="w">2020-01-20</subfield>
    <subfield code="y">BK</subfield>
  </datafield>
  <datafield tag="952" ind1=" " ind2=" ">
    <subfield code="0">0</subfield>
    <subfield code="1">0</subfield>
    <subfield code="2">ddc</subfield>
    <subfield code="4">0</subfield>
    <subfield code="7">0</subfield>
    <subfield code="a">UAPCL</subfield>
    <subfield code="b">UAPCL</subfield>
    <subfield code="c">General Stacks</subfield>
    <subfield code="d">2020-01-20</subfield>
    <subfield code="o">005.26 HAL</subfield>
    <subfield code="p">3010013456</subfield>
    <subfield code="r">2020-01-20</subfield>
    <subfield code="t">3</subfield>
    <subfield code="w">2020-01-20</subfield>
    <subfield code="y">BK</subfield>
  </datafield>
  <datafield tag="952" ind1=" " ind2=" ">
    <subfield code="0">0</subfield>
    <subfield code="1">0</subfield>
    <subfield code="2">ddc</subfield>
    <subfield code="4">0</subfield>
    <subfield code="7">0</subfield>
    <subfield code="a">UAPCL</subfield>
    <subfield code="b">UAPCL</subfield>
    <subfield code="c">General Stacks</subfield>
    <subfield code="d">2020-01-20</subfield>
    <subfield code="o">005.26 HAL</subfield>
    <subfield code="p">3010018302</subfield>
    <subfield code="r">2020-01-20</subfield>
    <subfield code="t">4</subfield>
    <subfield code="w">2020-01-20</subfield>
    <subfield code="y">BK</subfield>
  </datafield>
  <datafield tag="952" ind1=" " ind2=" ">
    <subfield code="0">0</subfield>
    <subfield code="1">0</subfield>
    <subfield code="2">ddc</subfield>
    <subfield code="4">0</subfield>
    <subfield code="7">0</subfield>
    <subfield code="a">UAPCL</subfield>
    <subfield code="b">UAPCL</subfield>
    <subfield code="c">General Stacks</subfield>
    <subfield code="d">2020-01-20</subfield>
    <subfield code="o">005.26 HAL</subfield>
    <subfield code="p">3010016981</subfield>
    <subfield code="r">2020-01-20</subfield>
    <subfield code="t">5</subfield>
    <subfield code="w">2020-01-20</subfield>
    <subfield code="y">BK</subfield>
  </datafield>
  <datafield tag="952" ind1=" " ind2=" ">
    <subfield code="0">0</subfield>
    <subfield code="1">0</subfield>
    <subfield code="2">ddc</subfield>
    <subfield code="4">0</subfield>
    <subfield code="7">0</subfield>
    <subfield code="a">UAPCL</subfield>
    <subfield code="b">UAPCL</subfield>
    <subfield code="c">General Stacks</subfield>
    <subfield code="d">2020-01-20</subfield>
    <subfield code="o">005.26 HAL</subfield>
    <subfield code="p">3010018392</subfield>
    <subfield code="r">2020-01-20</subfield>
    <subfield code="t">6</subfield>
    <subfield code="w">2020-01-20</subfield>
    <subfield code="y">BK</subfield>
  </datafield>
  <datafield tag="952" ind1=" " ind2=" ">
    <subfield code="0">0</subfield>
    <subfield code="1">0</subfield>
    <subfield code="2">ddc</subfield>
    <subfield code="4">0</subfield>
    <subfield code="7">0</subfield>
    <subfield code="a">UAPCL</subfield>
    <subfield code="b">UAPCL</subfield>
    <subfield code="c">General Stacks</subfield>
    <subfield code="d">2020-01-20</subfield>
    <subfield code="l">1</subfield>
    <subfield code="o">005.26 HAL</subfield>
    <subfield code="p">3010015954</subfield>
    <subfield code="r">2023-10-04</subfield>
    <subfield code="s">2023-07-13</subfield>
    <subfield code="t">7</subfield>
    <subfield code="w">2020-01-20</subfield>
    <subfield code="y">BK</subfield>
  </datafield>
  <datafield tag="952" ind1=" " ind2=" ">
    <subfield code="0">0</subfield>
    <subfield code="1">0</subfield>
    <subfield code="2">ddc</subfield>
    <subfield code="4">0</subfield>
    <subfield code="7">0</subfield>
    <subfield code="a">UAPCL</subfield>
    <subfield code="b">UAPCL</subfield>
    <subfield code="c">General Stacks</subfield>
    <subfield code="d">2020-01-20</subfield>
    <subfield code="o">005.26 HAL</subfield>
    <subfield code="p">3010016982</subfield>
    <subfield code="r">2020-01-20</subfield>
    <subfield code="t">8</subfield>
    <subfield code="w">2020-01-20</subfield>
    <subfield code="y">BK</subfield>
  </datafield>
  <datafield tag="952" ind1=" " ind2=" ">
    <subfield code="0">0</subfield>
    <subfield code="1">0</subfield>
    <subfield code="2">ddc</subfield>
    <subfield code="4">0</subfield>
    <subfield code="7">0</subfield>
    <subfield code="a">UAPCL</subfield>
    <subfield code="b">UAPCL</subfield>
    <subfield code="c">General Stacks</subfield>
    <subfield code="d">2020-01-20</subfield>
    <subfield code="o">005.26 HAL</subfield>
    <subfield code="p">3010018301</subfield>
    <subfield code="r">2020-01-20</subfield>
    <subfield code="t">9</subfield>
    <subfield code="w">2020-01-20</subfield>
    <subfield code="y">BK</subfield>
  </datafield>
  <datafield tag="952" ind1=" " ind2=" ">
    <subfield code="0">0</subfield>
    <subfield code="1">0</subfield>
    <subfield code="2">ddc</subfield>
    <subfield code="4">0</subfield>
    <subfield code="7">0</subfield>
    <subfield code="a">UAPCL</subfield>
    <subfield code="b">UAPCL</subfield>
    <subfield code="c">General Stacks</subfield>
    <subfield code="d">2020-01-20</subfield>
    <subfield code="o">005.26 HAL</subfield>
    <subfield code="p">3010015958</subfield>
    <subfield code="r">2020-01-20</subfield>
    <subfield code="t">10</subfield>
    <subfield code="w">2020-01-20</subfield>
    <subfield code="y">BK</subfield>
  </datafield>
  <datafield tag="952" ind1=" " ind2=" ">
    <subfield code="0">0</subfield>
    <subfield code="1">0</subfield>
    <subfield code="2">ddc</subfield>
    <subfield code="4">0</subfield>
    <subfield code="7">0</subfield>
    <subfield code="a">UAPCL</subfield>
    <subfield code="b">UAPCL</subfield>
    <subfield code="c">General Stacks</subfield>
    <subfield code="d">2020-01-20</subfield>
    <subfield code="o">005.26 HAL</subfield>
    <subfield code="p">3010010951</subfield>
    <subfield code="r">2020-01-20</subfield>
    <subfield code="t">11</subfield>
    <subfield code="w">2020-01-20</subfield>
    <subfield code="y">BK</subfield>
  </datafield>
  <datafield tag="952" ind1=" " ind2=" ">
    <subfield code="0">0</subfield>
    <subfield code="1">0</subfield>
    <subfield code="2">ddc</subfield>
    <subfield code="4">0</subfield>
    <subfield code="7">0</subfield>
    <subfield code="a">UAPCL</subfield>
    <subfield code="b">UAPCL</subfield>
    <subfield code="c">General Stacks</subfield>
    <subfield code="d">2020-01-20</subfield>
    <subfield code="l">1</subfield>
    <subfield code="o">005.26 HAL</subfield>
    <subfield code="p">3010012558</subfield>
    <subfield code="r">2023-08-06</subfield>
    <subfield code="s">2023-07-19</subfield>
    <subfield code="t">12</subfield>
    <subfield code="w">2020-01-20</subfield>
    <subfield code="y">BK</subfield>
  </datafield>
  <datafield tag="952" ind1=" " ind2=" ">
    <subfield code="0">0</subfield>
    <subfield code="1">0</subfield>
    <subfield code="2">ddc</subfield>
    <subfield code="4">0</subfield>
    <subfield code="7">0</subfield>
    <subfield code="a">UAPCL</subfield>
    <subfield code="b">UAPCL</subfield>
    <subfield code="c">General Stacks</subfield>
    <subfield code="d">2020-01-20</subfield>
    <subfield code="l">2</subfield>
    <subfield code="o">005.26 HAL</subfield>
    <subfield code="p">3010016980</subfield>
    <subfield code="r">2025-03-20</subfield>
    <subfield code="s">2025-03-17</subfield>
    <subfield code="t">13</subfield>
    <subfield code="w">2020-01-20</subfield>
    <subfield code="y">BK</subfield>
  </datafield>
  <datafield tag="952" ind1=" " ind2=" ">
    <subfield code="0">0</subfield>
    <subfield code="1">0</subfield>
    <subfield code="2">ddc</subfield>
    <subfield code="4">0</subfield>
    <subfield code="7">0</subfield>
    <subfield code="a">UAPCL</subfield>
    <subfield code="b">UAPCL</subfield>
    <subfield code="c">General Stacks</subfield>
    <subfield code="d">2020-01-20</subfield>
    <subfield code="o">005.26 HAL</subfield>
    <subfield code="p">3010018394</subfield>
    <subfield code="r">2020-01-20</subfield>
    <subfield code="t">14</subfield>
    <subfield code="w">2020-01-20</subfield>
    <subfield code="y">BK</subfield>
  </datafield>
  <datafield tag="952" ind1=" " ind2=" ">
    <subfield code="0">0</subfield>
    <subfield code="1">0</subfield>
    <subfield code="2">ddc</subfield>
    <subfield code="4">0</subfield>
    <subfield code="7">0</subfield>
    <subfield code="a">UAPCL</subfield>
    <subfield code="b">UAPCL</subfield>
    <subfield code="c">General Stacks</subfield>
    <subfield code="d">2020-01-20</subfield>
    <subfield code="l">2</subfield>
    <subfield code="o">005.26 HAL</subfield>
    <subfield code="p">3010015957</subfield>
    <subfield code="r">2025-03-20</subfield>
    <subfield code="s">2025-03-09</subfield>
    <subfield code="t">15</subfield>
    <subfield code="w">2020-01-20</subfield>
    <subfield code="y">BK</subfield>
  </datafield>
  <datafield tag="952" ind1=" " ind2=" ">
    <subfield code="0">0</subfield>
    <subfield code="1">0</subfield>
    <subfield code="2">ddc</subfield>
    <subfield code="4">0</subfield>
    <subfield code="7">0</subfield>
    <subfield code="a">UAPCL</subfield>
    <subfield code="b">UAPCL</subfield>
    <subfield code="c">General Stacks</subfield>
    <subfield code="d">2020-01-20</subfield>
    <subfield code="l">2</subfield>
    <subfield code="m">2</subfield>
    <subfield code="o">005.26 HAL</subfield>
    <subfield code="p">3010015956</subfield>
    <subfield code="r">2025-07-09</subfield>
    <subfield code="s">2025-03-04</subfield>
    <subfield code="t">16</subfield>
    <subfield code="w">2020-01-20</subfield>
    <subfield code="y">BK</subfield>
  </datafield>
  <datafield tag="952" ind1=" " ind2=" ">
    <subfield code="0">0</subfield>
    <subfield code="1">0</subfield>
    <subfield code="2">ddc</subfield>
    <subfield code="4">0</subfield>
    <subfield code="7">0</subfield>
    <subfield code="a">UAPCL</subfield>
    <subfield code="b">UAPCL</subfield>
    <subfield code="c">General Stacks</subfield>
    <subfield code="d">2020-01-20</subfield>
    <subfield code="o">005.26 HAL</subfield>
    <subfield code="p">3010016893</subfield>
    <subfield code="r">2020-01-20</subfield>
    <subfield code="t">17</subfield>
    <subfield code="w">2020-01-20</subfield>
    <subfield code="y">BK</subfield>
  </datafield>
  <datafield tag="952" ind1=" " ind2=" ">
    <subfield code="0">0</subfield>
    <subfield code="1">0</subfield>
    <subfield code="2">ddc</subfield>
    <subfield code="4">0</subfield>
    <subfield code="7">0</subfield>
    <subfield code="a">UAPCL</subfield>
    <subfield code="b">UAPCL</subfield>
    <subfield code="c">General Stacks</subfield>
    <subfield code="d">2020-01-20</subfield>
    <subfield code="l">2</subfield>
    <subfield code="m">2</subfield>
    <subfield code="o">005.26 HAL</subfield>
    <subfield code="p">3010015955</subfield>
    <subfield code="r">2025-03-16</subfield>
    <subfield code="s">2025-02-24</subfield>
    <subfield code="t">18</subfield>
    <subfield code="w">2020-01-20</subfield>
    <subfield code="y">BK</subfield>
  </datafield>
  <datafield tag="952" ind1=" " ind2=" ">
    <subfield code="0">0</subfield>
    <subfield code="1">0</subfield>
    <subfield code="2">ddc</subfield>
    <subfield code="4">0</subfield>
    <subfield code="7">0</subfield>
    <subfield code="a">UAPCL</subfield>
    <subfield code="b">UAPCL</subfield>
    <subfield code="c">General Stacks</subfield>
    <subfield code="d">2020-01-20</subfield>
    <subfield code="o">005.26 HAL</subfield>
    <subfield code="p">3010018391</subfield>
    <subfield code="r">2020-01-20</subfield>
    <subfield code="t">19</subfield>
    <subfield code="w">2020-01-20</subfield>
    <subfield code="y">BK</subfield>
  </datafield>
  <datafield tag="952" ind1=" " ind2=" ">
    <subfield code="0">0</subfield>
    <subfield code="1">0</subfield>
    <subfield code="2">ddc</subfield>
    <subfield code="4">0</subfield>
    <subfield code="7">0</subfield>
    <subfield code="a">UAPCL</subfield>
    <subfield code="b">UAPCL</subfield>
    <subfield code="c">General Stacks</subfield>
    <subfield code="d">2020-01-20</subfield>
    <subfield code="l">4</subfield>
    <subfield code="m">3</subfield>
    <subfield code="o">005.26 HAL</subfield>
    <subfield code="p">3010018393</subfield>
    <subfield code="r">2025-03-16</subfield>
    <subfield code="s">2025-03-16</subfield>
    <subfield code="t">20</subfield>
    <subfield code="w">2020-01-20</subfield>
    <subfield code="y">BK</subfield>
  </datafield>
  <datafield tag="952" ind1=" " ind2=" ">
    <subfield code="0">0</subfield>
    <subfield code="1">0</subfield>
    <subfield code="2">ddc</subfield>
    <subfield code="4">0</subfield>
    <subfield code="7">0</subfield>
    <subfield code="a">UAPCL</subfield>
    <subfield code="b">UAPCL</subfield>
    <subfield code="c">General Stacks</subfield>
    <subfield code="d">2020-01-20</subfield>
    <subfield code="l">3</subfield>
    <subfield code="o">005.26 HAL</subfield>
    <subfield code="p">3010016894</subfield>
    <subfield code="r">2025-04-17</subfield>
    <subfield code="s">2025-03-13</subfield>
    <subfield code="t">21</subfield>
    <subfield code="w">2020-01-20</subfield>
    <subfield code="y">BK</subfield>
  </datafield>
  <datafield tag="952" ind1=" " ind2=" ">
    <subfield code="0">0</subfield>
    <subfield code="1">0</subfield>
    <subfield code="2">ddc</subfield>
    <subfield code="4">0</subfield>
    <subfield code="7">0</subfield>
    <subfield code="a">UAPCL</subfield>
    <subfield code="b">UAPCL</subfield>
    <subfield code="c">General Stacks</subfield>
    <subfield code="d">2020-01-20</subfield>
    <subfield code="o">005.26 HAL</subfield>
    <subfield code="p">3010016891</subfield>
    <subfield code="r">2020-01-20</subfield>
    <subfield code="t">22</subfield>
    <subfield code="w">2020-01-20</subfield>
    <subfield code="y">BK</subfield>
  </datafield>
  <datafield tag="952" ind1=" " ind2=" ">
    <subfield code="0">0</subfield>
    <subfield code="1">0</subfield>
    <subfield code="2">ddc</subfield>
    <subfield code="4">0</subfield>
    <subfield code="7">0</subfield>
    <subfield code="a">UAPCL</subfield>
    <subfield code="b">UAPCL</subfield>
    <subfield code="c">General Stacks</subfield>
    <subfield code="d">2020-01-20</subfield>
    <subfield code="l">1</subfield>
    <subfield code="o">005.26 HAL</subfield>
    <subfield code="p">3010018303</subfield>
    <subfield code="r">2022-03-28</subfield>
    <subfield code="s">2022-03-09</subfield>
    <subfield code="t">23</subfield>
    <subfield code="w">2020-01-20</subfield>
    <subfield code="y">BK</subfield>
  </datafield>
  <datafield tag="952" ind1=" " ind2=" ">
    <subfield code="0">0</subfield>
    <subfield code="1">0</subfield>
    <subfield code="2">ddc</subfield>
    <subfield code="4">0</subfield>
    <subfield code="7">0</subfield>
    <subfield code="a">UAPCL</subfield>
    <subfield code="b">UAPCL</subfield>
    <subfield code="c">General Stacks</subfield>
    <subfield code="d">2020-01-26</subfield>
    <subfield code="l">1</subfield>
    <subfield code="o">005.26 HAL</subfield>
    <subfield code="p">3010016892</subfield>
    <subfield code="r">2023-12-05</subfield>
    <subfield code="s">2023-11-04</subfield>
    <subfield code="t">24</subfield>
    <subfield code="w">2020-01-26</subfield>
    <subfield code="y">BK</subfield>
  </datafield>
  <datafield tag="952" ind1=" " ind2=" ">
    <subfield code="0">0</subfield>
    <subfield code="1">0</subfield>
    <subfield code="2">ddc</subfield>
    <subfield code="4">0</subfield>
    <subfield code="7">0</subfield>
    <subfield code="a">UAPCL</subfield>
    <subfield code="b">UAPCL</subfield>
    <subfield code="c">General Stacks</subfield>
    <subfield code="d">2020-01-26</subfield>
    <subfield code="l">3</subfield>
    <subfield code="m">3</subfield>
    <subfield code="o">005.26 HAL</subfield>
    <subfield code="p">3010021188</subfield>
    <subfield code="r">2022-09-08</subfield>
    <subfield code="s">2022-09-08</subfield>
    <subfield code="t">25</subfield>
    <subfield code="w">2020-01-26</subfield>
    <subfield code="y">BK</subfield>
  </datafield>
</record>
